Interkultúrne aspekty medzinárodných obchodných rokovaní

Kultúrna diferencovanosť globálneho obchodného priestoru. Interkultúrne aspekty determinujúce úspešnosť interkultúrnych obchodných rokovaní. Kultúrne rozdiely spôsobujúce nedorozumenia medzi partnermi a problémy v priebehu rokovania i pri uzatváraní spoločných obchodov. Problémy týkajúce sa voľby ro...

Full description

Saved in:
Bibliographic Details
Main Author: Helmová, Milena, 1954-
Format: Book Chapter
Language:Slovak
Subjects:
Tags: Add Tag
No Tags, Be the first to tag this record!

MARC

LEADER 00000naa$a2200000$$$4500
001 0181779
005 20240502073123.0
041 0 |a slo 
044 |a SK 
245 1 0 |a Interkultúrne aspekty medzinárodných obchodných rokovaní  |c Milena Helmová 
520 |a Kultúrna diferencovanosť globálneho obchodného priestoru. Interkultúrne aspekty determinujúce úspešnosť interkultúrnych obchodných rokovaní. Kultúrne rozdiely spôsobujúce nedorozumenia medzi partnermi a problémy v priebehu rokovania i pri uzatváraní spoločných obchodov. Problémy týkajúce sa voľby rokovacieho jazyka, schém vnímania a konania negociátorov. 
610 2 0 |a komunikácia interkultúrna 
610 2 0 |a rokovania obchodné 
610 2 0 |a kultúra 
610 2 0 |a konflikty 
100 1 |a Helmová, Milena, 1954-